Acides aminés essentiels et questions. Mort subite - Statistiques

Statistiques générales
  • Ce quiz a été pris 348 fois
  • Le résultat moyen est 4 sur 14
Answers on the Grid
Answers color-coded by a green-red scale on the quiz's grid according to % correct below.
Glycine Gly G
Alanine Ala A
Valine Val V
Leucine Leu L
Isoleucine Ile I
L'aa précédant est aliphatique
Phénylalanine Phe F
Tryptophane Try/Trp W
Tyrosine Try Y
L'aa précédant est hydroxylé
Sérine Ser S
Thréonine Thr T
Méthionine Met M
Cystéine Cys C
Les deux aa précédant peuvent faire des ponts Disulfure
Acide Aspartique Asp D / Aspartate
Asparagine Asn N
Acide Glutamique Glu E / Glutamate
Glutamine Gln Q
Ces 4 dernier aa peuvent il former des liaison ester lors de la polymérisation d'aa avec leur chaine latérale
Cette liaison est une liaison Peptidique
Lysine Lys K
Histidine His H
Arginine Arg R
L'aa précédant possède 3 atomes d'Azote
Proline Pro P
Il y a 2 aa essentiel en plus pour les enfant
Un seul aa Non essentiel possède une absorbance de 280nm
Un aa peut posséder un Phosphore
Les protéines humaine possède une grande variété d'aa
Le collagène ne possède pas tous les aa humain
 
Statistiques - réponses
Réponse % Correct
Valine Val V
63%
Leucine Leu L
60%
Isoleucine Ile I
52%
Phénylalanine Phe F
45%
Tryptophane Try/Trp W
40%
Méthionine Met M
33%
Thréonine Thr T
31%
Lysine Lys K
21%
L'aa précédant est aliphatique
14%
L'aa précédant est hydroxylé
8%
Il y a 2 aa essentiel en plus pour les enfant
6%
Le collagène ne possède pas tous les aa humain
5%
Ces 4 dernier aa peuvent il former des liaison ester lors de la polymérisation d'aa avec leur chaine latérale
4%
Un seul aa Non essentiel possède une absorbance de 280nm
1%
Aucun quiz correspondant
Distribution des résultats
% des personnes avec chaque résultat
Percentile par nombre de réponses
Votre historique - résultats
Vous n’avez pas pris ce quiz